000
00288nam a22001337a 4500
008
170713b xxu||||| |||| 00| 0 eng d
020
_a
9780265315127
041
_a
eng
080
_2
2ND
_a
101
100
_a
24
101
_a
FIL
245
_a
CORRECTIONS
_c
REICHEL,PH,L
942
_2
udc
_c
BK
999
_c
20598
_d
20598